Managerial economics / (Record no. 24330)

MARC details
000 -LEADER
fixed length control field 00478nam a22001817a 4500
020 ## - INTERNATIONAL STANDARD BOOK NUMBER
ISBN 9788131516874
041 ## - LANGUAGE CODE
Language code of text/sound track or separate title English
082 ## - DEWEY DECIMAL CLASSIFICATION NUMBER
Classification number 658.15
Item number PAU
100 ## - MAIN ENTRY--AUTHOR NAME
Author name Paul, Justin
245 ## - TITLE STATEMENT
Title Managerial economics /
Statement of responsibility, etc Justin Paul
260 ## - PUBLICATION, DISTRIBUTION, ETC. (IMPRINT)
Place of publication New Delhi :
Name of publisher Cengage ,
Year of publication 2012.
300 ## - PHYSICAL DESCRIPTION
Number of Pages xii, 295 pages :
Other physical details illustrations ;
Dimensions 24 cm.
504 ## - BIBLIOGRAPHY, ETC. NOTE
Bibliography, etc Include index.
650 ## - SUBJECT ADDED ENTRY--TOPICAL TERM
Subject Business decision making
650 ## - SUBJECT ADDED ENTRY--TOPICAL TERM
Subject Demand analysis
942 ## - ADDED ENTRY ELEMENTS (KOHA)
Source of classification or shelving scheme Dewey Decimal Classification
Koha item type Books
Holdings
Withdrawn status Lost status Source of classification or shelving scheme Damaged status Not for loan Home library Current library Shelving location Date acquired Source of acquisition Cost, normal purchase price Full call number Accession Number Price effective from Koha item type
    Dewey Decimal Classification     Institute of Public Enterprise, Library Institute of Public Enterprise, Library S Campus 05/02/2026 Gifted by S. Sathish Kumar 925.00 658.15 PAU 51043 05/02/2026 Books

Maintained and Designed by
2cqr automation private limited, Chennai. All Rights Reserved.

You are Visitor Number

PHP Hits Count